000 00235nam a2200097Ia 4500
008 120527s9999 xx 000 0 und d
100 _aCLARK and DIELEMAN
245 _aHouseholds and Housing
260 _bCentre For Policy
942 _cBK
999 _c25501
_d25501